000 00621nam a2200229 i 4500
001 91674
003 ES-MaACL
005 20231220194707.0
007 t|
008 050204s2004 sp ||||1| spa d
020 _a84-96049-61-2
080 _a821.134.2-31"19"
100 1 _aGalán, Ilia,
_d1966-
_9234259
245 1 0 _aTodo /
_cIlia Galán.
250 _a1ª ed.
260 _aMadrid :
_bCalambur,
_c2004.
300 _a124 p. ;
_c23 cm.
490 1 _aCalambur narrativa ;
_v20
830 0 _aCalambur narrativa ;
_v20
_9184321
852 _aES-MaACL
_jL-28804
_bR.135224
999 _c91674
_d91674